Les 20 villes les plus peuplées des Hautes-Pyrénées (65) - Statistiques

Statistiques générales
  • Ce quiz a été pris 76 fois
  • Le résultat moyen est 12 sur 20
Statistiques - réponses
HINT HINT ANSWER % Correct
44 529 T Tarbes
100%
13 266 L Lourdes
98%
7 060 B Bagnères-de-Bigorre
82%
5 810 L Lannemezan
72%
2 805 A Argelès-Gazost
71%
4 830 V Vic-en-Bigorre
66%
5 202 S Séméac
65%
8 033 A Aureilhan
63%
2 921 I Ibos
60%
2 352 O Ossun
57%
4 019 J Juillan
54%
3 291 O Odos
46%
2 232 M Maubourguet
45%
5 394 B Bordères-sur-l'Échez
43%
1 858 L Laloubère
42%
3 000 S Soues
42%
3 495 B Barbazan-Debat
40%
1 877 B Bazet
38%
1 464 R Rabastens-de-Bigorre
35%
1 929 O Orleix
32%
Aucun quiz correspondant
Distribution des résultats
% des personnes avec chaque résultat
Percentile par nombre de réponses
Votre historique - résultats
Vous n’avez pas pris ce quiz